|
|
|
|
| LEADER |
00000nab a2200000 a 4500 |
| 001 |
vtls000814934 |
| 003 |
SK-MaSNL |
| 005 |
20260426073128.0 |
| 008 |
150527c2000 xo 0 slo |
| 015 |
|
|
|a SNBRB2002/11-37955
|
| 035 |
|
|
|a CLN000166589
|
| 040 |
|
|
|a SNKBUCL
|b slo
|c SNKBUCL
|e AACR2
|
| 041 |
0 |
|
|a slo
|
| 044 |
|
|
|a xo
|c SK
|
| 080 |
|
|
|a 338.1(437.6):330.101.541
|2 1997
|
| 080 |
|
|
|a 330.101.541(437.6)
|2 1997
|
| 100 |
1 |
|
|a Magvaši, Peter,
|d 1945-
|4 aut
|9 131896
|
| 245 |
1 |
0 |
|a Produktivitou za úspechy a prosperitu Slovenska
|c Peter Magvaši
|
| 300 |
|
|
|b Tab.
|
| 650 |
0 |
7 |
|a ekonomika
|2 SNKPH
|9 789
|
| 651 |
|
7 |
|a Slovensko
|2 SNKPHgeo
|9 14231
|
| 655 |
|
7 |
|a články z novín a časopisov
|2 snkbucl
|9 267496
|
| 773 |
0 |
|
|t Produktivita
|g Roč. 1, č. 6 (2000), s. 9
|x 1335-5961
|
| 850 |
|
|
|a Slovenská národná knižnica v Martine
|
| 852 |
|
|
|a SNK
|b KIS3GCP
|
| 958 |
|
|
|a SK
|
| 999 |
|
|
|c 2698877
|d 2700807
|